000 03742cam a22005414i 4500
003 PE-LiUPU
005 20250731173048.0
008 090217s2009 kyua rb 001 0 eng
020 _a0664233201
020 _a9780664233204
035 _a(Sirsi) i9780664233204
035 _a(OCoLC)308214850
040 _aDLC
_bspa
_cDLC
_dBTCTA
_dYDXCP
_dC#P
_dCDX
_dCUK
_dUKMGB
_dBDX
_dOCLCF
_dP4I
_dS3O
_dOCLCQ
_dPE-LiUPU
049 _aPRUA
050 0 0 _aBL2525
_b.W67 2009
082 0 0 _a200.973
_bW8
_222
245 0 0 _aWorld religions in America :
_ban introduction /
_cJacob Neusner, editor.
250 _a4th ed.
264 1 _aLouisville, Kentucky :
_bWestminster John Knox Press,
_c2009.
300 _ax, 449 páginas :
_bIlustraciones ;
_c26 centímetros
336 _atext
_2rdacontent
337 _aunmediated
_2rdamedia
338 _avolume
_2rdacarrier
504 _aBibliografía en el contenido.
504 _aÍndice : páginas 433-449.
505 0 _aIntroduction / Jacob Neusner -- In the beginning -- Native Americans and their religions / Sam Gill -- Christian foundations of American religions -- Protestant Christianity in the world and in America / Martin E. Marty -- The religious world of African Americans / Peter J. Paris -- The Catholics in the world and in America / Andrew M. Greeley and Paul Murray -- The religious world of Latino/a-Hispanic Americans / Justo L. González and Carlos F. Cardoza-Orlandi -- Orthodox Christianity in the world and in America / Jaroslav Pelikan and John McGuckin -- Other monotheistic traditions in America -- Judaism in the world and in America / Jacob Neusner -- Islam in the world and in America / John L. Esposito -- The Bahá'í Faith in the world and in America / Mike McMullen -- More recent arrivals -- Hinduism in India and in America / Gerald James Larson -- Buddhism in the world and in America / Malcolm David Eckel -- East Asian religions in today's America / Robert S. Ellwood and Mark A. Csikszentmihalyi -- Made (or re-made) in the U.S.A -- World religions made in the U.S.A. : apocalyptic communities : Seventh-day Adventists and Jehovah's Witnesses / Dell deChant -- World religions made in the U.S.A. : metaphysical communities : Christian Science and theosophy / Dell deChant -- New thought : a quintessentially American religion / Dell deChant -- The Church of Scientology : a very new American religion / Dell deChant and Danny L. Jorgensen -- Nature religions : American neopaganism and witchcraft / Danny L. Jorgensen -- The Latter-day Saint (Mormon) religion in America and the world / Danny L. Jorgensen -- The Unification Church / George D. Chryssides -- Issues in American religion -- Religion and women in America / Eleanor J. Stebner -- Religion and politics in America / Andrew M. Greeley and Fred Frohock with Esben Gerhauge -- Religion and society in America / William Scott Green.
526 _aSEG42
526 _aSEG41
526 _aSEG40
526 _aSEG39
526 _aP94
526 _aP87
526 _aP86
526 _aP85
526 _aP77
526 _aP76
526 _aP35
651 0 _aEstados Unidos
_xReligión.
651 0 _aUnited States
_xReligion.
700 1 _aNeusner, Jacob,
_d1932-2016.
910 _adbm
_bebj
_cebj
_d20171227
942 _2ddc
_cBOOK
949 _a200.973 W8
_wDEWEY
_c1
_i77847
_lCATALOGING
_mBUL
_p33.25
_r0
_sY
_tBOOK
_u2017-12-27
_xPOSGRADO
_PP85
_0DONACION
_o.STAFF. Colección Teología.
994 _aC0
_bPEPRU
596 _a1
999 _a200.973 W8
_wDEWEY
_c26517
_i77847
_f2021-11-9
_g4
_lCCODEBUL1
_mBUL
_p33.25
_r0
_sY
_tBOOK
_u2017-12-27
_xTEOLOGIA
_PP85
_0COMPRA
_o.STAFF. Colección Teología.
_d26517
980 _81
_gALBERTO SANCHEZ Responsable de Automatización